What will inflation and devaluation mean to you? /

Bibliographic Details
Corporate Author: American Institute for Economic Research
Other Authors: Ferguson, Donald Gardner, 1892-, Francis, Bion Hubbard, 1909-, Harwood, E. C. (Edward Crosby), 1900-1980, Manton, Benjamin D.
Format: Book
Language:English
Published: Cambridge, Mass. : American institute for economic research, [1940]
Subjects:

MARC

Tag First Indicator Second Indicator Subfields
LEADER 00000cam a2200000 4500
001 in00000060591
005 20151008050528.0
008 800430s1940 maua 00010 eng
010 |a  40034585  
035 |a (OCoLC)06266566 
035 |9 AAG1613AM 
040 |a DLC  |c TXA  |d UtOrBLW 
049 |a TXAM  |c [96927] 
050 0 |a HG538  |b .A6115 1940 
082 0 |a 332.40973 
092 |a 332.414  |b A512w 
110 2 |a American Institute for Economic Research. 
245 1 0 |a What will inflation and devaluation mean to you? /  |c By Donald G. Ferguson, Bion H. Francis, E. C. Harwood, Benjamin D. Manton, and their assistants on the Institute staff ... 
264 1 |a Cambridge, Mass. :  |b American institute for economic research,  |c [1940] 
264 4 |c [©1940] 
300 |a 144 pages including tables, diagrams ;  |c 23 cm. 
336 |a text  |b txt  |2 rdacontent 
337 |a unmediated  |b n  |2 rdamedia 
338 |a volume  |b nc  |2 rdacarrier 
500 |a Cover title, 
500 |a "First edition." 
505 0 |a Where does money come from, and what is inflation? Has the danger of inflation passed?--Inflation's timing and warning symptoms of the explosive stage. Probable effects of recent developments.--Partial protection against a rising cost of living. Adjusting life insurance plans, savings and investments. 
650 0 |a Currency question  |z United States. 
650 0 |a Money  |z United States. 
700 1 |a Ferguson, Donald Gardner,  |d 1892- 
700 1 |a Francis, Bion Hubbard,  |d 1909- 
700 1 |a Harwood, E. C.  |q (Edward Crosby),  |d 1900-1980. 
700 1 |a Manton, Benjamin D. 
999 |a MARS 
999 f f |s 7cdf7368-54c1-393f-88ed-ed84a2f99d91  |i f1ac5aeb-97a9-3879-9f9d-ba08bf468fbb  |t 0 
952 f f |p ric  |a Texas A&M University  |b Rellis Campus  |c Joint Library Facility  |d Remote Storage  |t 0  |e HG538 .A6115 1940  |h Library of Congress classification  |i unmediated -- volume  |m A14800733464 
998 f f |a HG538 .A6115 1940  |t 0  |l Remote Storage